Datum a čas kvízu
27.5
Celkem bodů
Celkový počet nahraných bodů na tomto kvízu bez doplňovacích otázek.
8.
Pořadí na kvízu
Konečné umístění týmu na tomto kvízu.
Zaznamenané odpovědi
| # | Otázka | Odpověď | Body | Výsledky |
|---|---|---|---|---|
| 1. | Při úřadu vlády vznikne komise... | Ďáblický hřbitov | 0 | |
| 2. | V Kuvajtu byla v pondělí novin... | Byla vytvořena pomocí umělé inteligence. | 1 | |
| 3. | V pátek vyšlo nové album legen... | Metallica | 1 | |
| 4. | Ve které zemi byl minulý týden... | ve Finsku | 1 | |
| 5. | Poslední aktualita bude z naše... | Martin Hašek | 0 | |
| 6. | Pokračujeme představováním fil... | Liam Neeson | 1 | |
| 7. | Sedmý film žebříčku byl natoče... | Mario Puzo, Corleone | 1 | |
| 8. | Jak se jmenuje film na osmém m... | Dvanáct rozhněvaných mužů | 1 | |
| 9. | Film Nedotknutelní byl natočen... | Francie | 1 | |
| 10. | Ve kterém roce byl poprvé uved... | v roce 1999 (odpovědi 1998 a 2000 získávají půl bodu) | 0 |